000
00240nam a2200097Ia 4500
008
240331s9999 xx 000 0 und d
082
_b
PAN
100
_a
Pannikker, K.N
245
0
_a
Naveena inthiyavil kalachcharamum samuka unarvum
942
_c
L
999
_c
2026
_d
2026